000 03399nam2a2200421 4500
001 rc\2968551
005 20260407021754.0
010 _9750
_d15 р.
035 _a(NLR Aleph) 009035882
090 _a13632131
_c13632131
100 _a20110906d1939 k y0rusy50 ca
101 0 _arus
_feng
102 _aRU
105 _aab z ||||b
200 1 _aРаботы Беломорской методической станции
_fГлавное управление Гидрометеорологической службы СССР при СНК Союза ССР
_gпод редакцией К.М. Дерюгина и В.В. Тимонова
210 _aЛенинград
_aМосква
_cГидрометеорологическое издательство
_d1939
215 _a290 с., 5 вкл. л. ил., карт., схем.
_cил., черт., диагр., карт., схем.
300 _aНа обороте тит.л. перевод тит.л. на англ. яз.: Proceedings of the State hydrological institute, issue 8. Works of the Belomorsky (White Sea) methodic station / under the editorial supervision of K.M. Derjugin and V.V. Timonoff ; Central departement of hydrometeorological service attached to the Council people's commissars
320 _aБиблиогр. в конце глав
327 1 _aВ кн. также: Памяти Константина Михайловича Дерюгина : [некролог] / Редакционная коллегия Государственного гидрологического института
461 0 _1001rc\3046049
_12001#$aТруды Государственного Гидрологического института$fЕдиная гидрометеорол. служба Союза ССР$vВып. 8
_97488202
_aГидрологический институт (Ленинград)
_cЛенинград
_d1936-1941
_fЕдиная гидрометеорологическая служба Союза ССР
_nРедакционно-издательский отдел ЦУЕГМС
_tТруды Государственного Гидрологического института
_vВып. 8
510 1 _aProceedings of the State hydrological institute
_hissue 8
_iWorks of the Belomorsky (White Sea) methodic station
_zeng
607 _aБелое море
_jСборники
_xКомплексные исследования
_92140392
_3RU\NLR\AUTH\661594648
617 _mСеверный Ледовитый океан
_mБелое море
617 _mСеверный Ледовитый океан
_mБелое море
_mКандалакшский залив
686 _aД221.9(912.2)я43
702 1 _6z01790
_aДерюгин
_bК. М.
_f1878-1938
_gКонстантин Михайлович
_4340
_4570
702 1 _4340
_8rus
_7ca
_aТимонов
_bВ. В.
_f1901-1969
_gВсеволод Всеволодович
_3RU\NLR\AUTH\77126579
_9109503
711 0 2 _aГидрологический институт
_cЛенинград
_bБеломорская методическая станция
_3RU\NLR\AUTH\8810006810
_9511142
790 1 _6z01702
_aDerjugin
_bK. M.
_f1878-1938
790 1 _6z02702
_aTimonoff
_bV. V.
_f1901-1969
801 0 _aRU
_bNLR
_gpsbo
801 1 _aRU
_bELAR
_2rusmarc
801 2 _aRU
_bNLR
_c20131003
_2rusmarc
852 _aNLR
_j36-19/98 (8)
942 _cUNSPEC
980 _aNB